000 00537nam a2200229Ia 4500
008 210210b1963 xxu||||| |||| 00| 0 eng d
041 _aeng
082 _a384/63
100 _aSTEMBRIDGE (Jasper H)
245 _aWorld: a general regional geography Ed 2
260 _aLondon
_bOxford University Press
_c1963
300 _axii,530
650 _aWorld:
650 _aregional
650 _ageographyh
650 _ageography
650 _ageneral
650 _aEd
650 _a2
690 _aGeography
906 _a005459
999 _c125496
_d125496